Adhunik Paschatyar Utthan (Record no. 5229)

MARC details
000 -LEADER
fixed length control field 00560cam a2200205ua 4500
008 - FIXED-LENGTH DATA ELEMENTS--GENERAL INFORMATION
fixed length control field 131120n ii |||gr||||Z||||||asm
020 ## - INTERNATIONAL STANDARD BOOK NUMBER
International Standard Book Number 978-81-7339-464-5
040 ## - CATALOGING SOURCE
Transcribing agency MAIN
082 ## - DEWEY DECIMAL CLASSIFICATION NUMBER
Classification number 940
245 ## - TITLE STATEMENT
Title Adhunik Paschatyar Utthan
Statement of responsibility, etc. By Tasadduque Amanul Hussain
250 ## - EDITION STATEMENT
Edition statement 1st.
260 ## - PUBLICATION, DISTRIBUTION, ETC.
Place of publication, distribution, etc. Dibrugarh:
Name of publisher, distributor, etc. Banalata,
Date of publication, distribution, etc. 2009.
Place of publication, distribution, etc. Guwahati:
300 ## - PHYSICAL DESCRIPTION
Extent x,357.
700 ## - ADDED ENTRY--PERSONAL NAME
Personal name Hussain,Tasadduque Amanul,
Relator term
700 ## - ADDED ENTRY--PERSONAL NAME
Personal name Bhattacharya,D.R.,
Relator term
942 ## - ADDED ENTRY ELEMENTS (KOHA)
Koha item type Books
653 ## - INDEX TERM--UNCONTROLLED
Uncontrolled term History of Europe
653 ## - INDEX TERM--UNCONTROLLED
Uncontrolled term Adhunik Paschatyar Utthan
Holdings
Withdrawn status Lost status Damaged status Not for loan Home library Current library Shelving location Date acquired Total Checkouts Full call number Barcode Date last seen Date last checked out Copy number Price effective from Koha item type
        Central Library, Naharkatiya College Central Library, Naharkatiya College General Stacks 19/09/2020 8 940 | HUS 19466 17/03/2026 06/03/2026 1 19/09/2020 Books
        Central Library, Naharkatiya College Central Library, Naharkatiya College General Stacks 19/09/2020 5 940 | HUS 19467 06/04/2026 25/03/2026 2 19/09/2020 Books
        Central Library, Naharkatiya College Central Library, Naharkatiya College General Stacks 19/09/2020 6 940 | HUS 20337 22/12/2022 14/12/2022 3 19/09/2020 Books
        Central Library, Naharkatiya College Central Library, Naharkatiya College General Stacks 19/09/2020 10 940 | HUS 20338 11/09/2023 22/08/2023 4 19/09/2020 Books

Naharkatiya College © 2020. All rights reserved.

Powered By